000
00230nam a22000857a 4500
008
161013b xxu||||| |||| 00| 0 eng d
100
_9
827
_a
Verma.R.
245
_a
CCE. Manual Science-IX
260
_a
New Delhi
_b
S. chand Publications
_c
2011
999
_c
3479
_d
3479